Guías para una terapia familiar sistemática
I tiakina i:
| Kaituhi matua: | |
|---|---|
| Hōputu: | Pukapuka |
| Reo: | Pāniora |
| I whakaputaina: |
Barcelona, España.
Gedisa,
1994
|
| Rangatū: | Colección Terapia Familiar
|
| Ngā marau: | |
| Ngā Tūtohu: |
Tāpirihia he Tūtohu
Kāore He Tūtohu, Me noho koe te mea tuatahi ki te tūtohu i tēnei pūkete!
|
MARC
| LEADER | 00000nam a2200000 a 4500 | ||
|---|---|---|---|
| 001 | UCY0014 | ||
| 003 | CL-VaPUC | ||
| 005 | 20211116074320.0 | ||
| 008 | 940706e19940000SP |||||||||||||||||spa|d | ||
| 999 | |c 229116 |d 229114 | ||
| 020 | |a 9788474324761 | ||
| 040 | |c Pontificia Universidad Católica de Valparaíso | ||
| 082 | 0 | 4 | |a 616.89156 WHI 1994 |2 21 |
| 100 | 0 | |a White, Michael James Denham |e author |9 327578 | |
| 245 | 1 | 0 | |a Guías para una terapia familiar sistemática |
| 260 | |a Barcelona, España. |b Gedisa, |c 1994 | ||
| 300 | |a 237 páginas | ||
| 490 | 0 | |a Colección Terapia Familiar | |
| 583 | |a last modification |c 20191018 05:16:35 |k Rodrigo Vera | ||
| 650 | 0 | |a Psicoterapia familiar |9 310747 | |
| 942 | |c BK |2 ddc | ||
| 945 | |d 19940706 00:00:00 |a rbrito | ||
| 952 | |0 0 |1 0 |2 ddc |4 0 |6 616_891560000000000_WHI_1994 |7 0 |8 A |9 128455 |a BIBGIM |b BIBGIM |d 2019-10-17 |e 2 |g 37821.00 |i 5565650 |o 616.89156 WHI 1994 |p 5565650 |r 2025-01-15 |t 7 |v 37821.00 |w 2019-10-17 |y BK |k SSL | ||
| 952 | |0 0 |1 0 |2 ddc |4 0 |6 616_891560000000000_WHI_1994 |7 0 |8 A |9 143364 |a BIBGIM |b BIBGIM |d 2019-11-04 |e 1 |g 30376.00 |i 5564891 |o 616.89156 WHI 1994 |p 5564891 |r 2025-01-15 |t 6 |v 30376.00 |w 2019-11-04 |y BK |k SSL | ||
| 952 | |0 0 |1 0 |2 ddc |4 0 |6 616_891560000000000_WHI_1994 |7 0 |8 A |9 143365 |a BIBGIM |b BIBGIM |d 2019-11-04 |e 1 |g 30376.00 |i 5565642 |o 616.89156 WHI 1994 |p 5565642 |r 2025-01-15 |t 3 |v 30376.00 |w 2019-11-04 |y BK |k SSL | ||
| 952 | |0 0 |1 0 |2 ddc |4 0 |6 616_891560000000000_WHI_1994 |7 0 |8 A |9 229731 |a BIBEDU |b BIBEDU |c ES_NOD |d 2019-11-15 |i 2987902 |o 616.89156 WHI 1994 |p 2987902 |r 2023-08-09 |t 1 |w 2019-11-15 |y BK |k PSI | ||
| 952 | |0 0 |1 0 |2 ddc |4 0 |6 616_891560000000000_WHI_1994 |7 0 |8 A |9 229732 |a BIBEDU |b BIBEDU |c ES_NOD |d 2019-11-15 |i 3829863 |o 616.89156 WHI 1994 |p 3829863 |r 2023-08-09 |t 2 |w 2019-11-15 |y BK |k PSI | ||
| 952 | |0 0 |1 0 |2 ddc |4 0 |6 616_891560000000000_WHI_1994 |7 0 |8 A |9 495878 |a BIBGIM |b BIBGIM |d 2020-01-08 |e 1 |g 28877.00 |i 5571863 |o 616.89156 WHI 1994 |p 5571863 |r 2025-01-15 |t 4 |v 28877.00 |w 2020-01-08 |y BK |k SSL | ||
| 952 | |0 0 |1 0 |2 ddc |4 0 |6 616_891560000000000_WHI_1994 |7 0 |8 A |9 495974 |a BIBGIM |b BIBGIM |d 2020-01-10 |e 1 |g 59817.00 |i 5572630 |o 616.89156 WHI 1994 |p 5572630 |r 2025-01-15 |t 5 |v 59817.00 |w 2020-01-10 |y BK |k SSL | ||